000 00575nam a22002057a 4500
008 150511b xxu||||| |||| 00| 0 eng d
020 _a9780073376288
041 0 _aeng
080 _a004
100 1 _aKelton, W. David.
245 1 0 _aSimulation with Arena /
_cW. David Kelton, Randall P. Sadowski, Nancy B. Swets.
250 _a5th ed.
260 _aBoston :
_bMcGraw-Hill Higher Education,
_c2010.
300 _a636 f. :
_bme il.;
_c24 cm.
650 0 _aSimulim
650 0 _aKompjuter
700 1 _aSadowski, Randall P.
700 1 _aSwets, Nancy B.
942 _2udc
_cBK
999 _c728
_d728